| 000 | 00526cam a2200217ua 4500 | ||
|---|---|---|---|
| 001 | 9985 | ||
| 005 | 20260515114542.0 | ||
| 008 | 170304n ii |||gr||||Z||||||eng | ||
| 020 | _a9788122903317 | ||
| 040 | _cMAIN | ||
| 041 | _aeng | ||
| 082 | _a822 | ||
| 100 |
_aShaw, George Bernard, _eAuthor. |
||
| 245 |
_aPygmalion _cBy George Bernard Shaw |
||
| 250 | _a3rd rep. | ||
| 260 |
_aDelhi: _bSurjeet publications, _c2014. |
||
| 300 | _a348p. | ||
| 653 | _aEnglish drama | ||
| 700 |
_aNarula, S.C., _eAuthor. |
||
| 942 | _cBK | ||
| 999 |
_c8977 _d8977 |
||